000
00315nam a2200121Ia 4500
005
20260328104255.0
008
260328s9999||||xx |||||||||||||| ||und||
100
_a
Bengtsson, Staffan
245
0
_a
IKEA the Book /
_c
Staffan Bengtsson
260
_b
Arvinius
650
_a
DISEÑO INDUSTRIAL - ELEMENTOS
942
_c
BK
999
_c
10417
_d
10417